Enfermedad mental y personalidad / (Record no. 19535)

MARC details
000 -CABECERA
campo de control de longitud fija 00622nam a2200217 a 4500
005 - FECHA Y HORA DE LA ÚLTIMA TRANSACCIÓN
campo de control 20251104063905.0
008 - ELEMENTOS DE LONGITUD FIJA--INFORMACIÓN GENERAL
campo de control de longitud fija 991125s1992 mx 000 0 spa u
020 ## - NÚMERO INTERNACIONAL NORMALIZADO PARA LIBROS
Número Internacional Estándar del Libro 9688530670
035 ## - NÚMERO DE CONTROL DEL SISTEMA
Número de control de sistema UPN01000019535
049 ## - COLECCIÓN
Colección CG
050 #4 - SIGNATURA TOPOGRÁFICA DE LA BIBLIOTECA DEL CONGRESO
Número de clasificación RC454 F6.48
100 1# - ASIENTO PRINCIPAL--NOMBRE PERSONAL
Nombre de persona Foucault, Michel,
Fechas asociadas al nombre 1926-1984
245 10 - MENCIÓN DE TÍTULO
Título Enfermedad mental y personalidad /
Mención de responsabilidad, etc. Michel Foucault ; tr. Emma Kestelboin
260 ## - PUBLICACIÓN, DISTRIBUCIÓN, ETC.
Lugar de publicación, distribución, etc. México :
Nombre del editor, distribuidor, etc. Paidós,
Fecha de publicación, distribución, etc. 1992
300 ## - DESCRIPCIÓN FÍSICA
Extensión 122 p
440 #0 - MENCIÓN DE SERIE/ASIENTO SECUNDARIO--TÍTULO
Título Paidós studio;
Designación de volumen o secuencia 41
650 #2 - ASIENTO SECUNDARIO DE MATERIA - TERMINO TEMATICO
Término de materia o nombre geográfico como elemento de entrada Enfermedades mentales
9 (RLIN) 12828
650 #4 - ASIENTO SECUNDARIO DE MATERIA - TERMINO TEMATICO
Término de materia o nombre geográfico como elemento de entrada Teorías de la personalidad
9 (RLIN) 20365
904 ## - ELEMENTOS DE DATOS D LOCAL, LDD (RLIN)
a AC
b 019536
905 ## - TIPO DE MATERIAL
Tipo de material Libro
Holdings
Estado de retiro Estado de pérdida Fuente del sistema de clasificación o colocación Estado dañado No para préstamo Código de colección Localización permanente Ubicación/localización actual Ubicación en estantería Fecha de adquisición Enumeración/cronología de publicación seriada Total de préstamos Clasificación Código de barras Fecha visto por última vez Fecha del último préstamo Número de copia Tipo de ítem Koha
    Library of Congress Classification     Colección General Bib. Gregorio Torres Quintero Bib. Gregorio Torres Quintero Planta baja 09/10/2023 - 12 RC454 F6.48 95080 16/10/2023 09/10/2023 1 Libro
    Library of Congress Classification     Colección General Bib. Gregorio Torres Quintero Bib. Gregorio Torres Quintero Planta baja 27/02/2024   4 RC454 F6.48 297292 12/03/2024 27/02/2024 1 Libro
    Library of Congress Classification     Colección General Bib. Gregorio Torres Quintero Bib. Gregorio Torres Quintero Planta baja   - 15 RC454 F6.48 95079 31/12/2020   1 Libro
    Library of Congress Classification     Colección General Bib. Gregorio Torres Quintero Bib. Gregorio Torres Quintero Planta baja   - 12 RC454 F6.48 95078 31/12/2020   1 Libro